| 000 | 00471nam a2200169 i 4500 | ||
|---|---|---|---|
| 001 | 150734 | ||
| 003 | ES-MaACL | ||
| 005 | 20230906203653.0 | ||
| 007 | t| | ||
| 008 | 071107s1921 xxk ||||1| eng d | ||
| 100 | 0 |
_aDillon, E. J. _944816 |
|
| 245 | 1 | 0 |
_aMexico on the verge / _cby E. J. Dillon. |
| 260 |
_aLondon : _bHutchinson, _c[1921] |
||
| 300 |
_aVIII, 328 p. : _bil. ; _c24 cm. |
||
| 651 | 4 |
_aMéxico- _xHistoria- _z1910-1946. _99066 |
|
| 852 |
_aES-MaACL _jC-2811 |
||
| 999 |
_c150734 _d150734 |
||